Logarithmisch-trigonometrisches Handbuch

التفاصيل البيبلوغرافية
المؤلف الرئيسي: Vega G. F. von Georg Freiherrn von
مؤلفون آخرون: Bremiker C. (редактор)
الملخص:Раздельная пагинация страниц
В описании используется грамматика 19 века
اللغة:الألمانية
منشور في: Berlin, Weidmannsche Buchhandlung, 1862
الطبعة:Sechsundvierzigste Auflage
الموضوعات:
التنسيق: كتاب
KOHA link:https://koha.lib.tpu.ru/cgi-bin/koha/opac-detail.pl?biblionumber=362591

MARC

LEADER 00000nam0a2200000 4500
001 362591
005 20240927152834.0
035 |a (RuTPU)RU\TPU\retro\19937 
090 |a 362591 
100 |a 20210806d1862 km y0gery50 ba 
101 0 |a ger 
102 |a DE 
105 |a a go 000zy 
181 0 |b  e  
182 0 |a n 
183 0 |a nc  |2 RDAcarrier 
200 1 |a Logarithmisch-trigonometrisches Handbuch  |f G. F. von Vega  |g bearbeitet von C. Bremiker 
205 |a Sechsundvierzigste Auflage 
205 |a Neue vollstandig durchgesehene und erweiterte Stereotyp-Ausgabe 
210 |a Berlin  |c Weidmannsche Buchhandlung  |d 1862 
215 |a XXXII, 575 S.  |c Tabl. 
283 |a volume 
300 |a Раздельная пагинация страниц 
300 |a В описании используется грамматика 19 века  
316 |5 63413507: 3040  |a Владельческий переплет 
316 |5 63413507: 3040  |a На форзаце экслибрис Библиотеки ТТИ 
317 |5 63413507: 3040  |a Поступил в НТБ в 1907 г. в дар от профессора ТТИ А. М. Крылова 
541 |a Логарифмически-тригонометрическое руководство  |z rus 
606 1 |a Логарифмы  |x Таблицы  |2 stltpush  |3 (RuTPU)RU\TPU\subj\40550  |9 60395 
610 1 |a тригонометрия 
610 1 |a тригонометрические функции 
610 1 |a синусы 
610 1 |a тангенсы 
610 1 |a справочники 
610 1 |a немецкий язык 
610 1 |a Коллекция А. М. Крылова 
610 1 |a владельческие знаки 
610 1 |a дары библиотеке 
675 |a 519.662(035)  |v 4 
700 1 |a Vega  |b G. F. von  |g Georg Freiherrn von 
702 1 |a Bremiker  |b C.  |4 340 
801 1 |a RU  |b 63413507  |c 20210806 
801 2 |a RU  |b 63413507  |c 20210824  |g RCR 
942 |c BK